| 000 | 00520nam a22001937a 4500 | ||
|---|---|---|---|
| 999 |
_c58 _d58 |
||
| 003 | OSt | ||
| 005 | 20230203154157.0 | ||
| 008 | 140630b xxu||||| |||| 00| 0 eng d | ||
| 020 | _a0673991903 | ||
| 040 | _cNML | ||
| 082 | _aQS517 S83c 1995 | ||
| 100 |
_a Strete, Dennis _9178 |
||
| 245 | _aA color Atlas of Histoloy | ||
| 260 |
_aNew York; _bHarperCollins College Publishers, _c1995. |
||
| 300 |
_aix, 294 p. : _bcol. ill. ; _c27 cm. |
||
| 504 | _aIncludes index | ||
| 650 |
_aHistology Atlas _9180 |
||
| 942 |
_2z _cO_SHELF |
||